Villes de France par satellite #1 - Statistiques

Statistiques générales
  • Ce quiz a été pris 156 fois
  • Le résultat moyen est 10 sur 30
Statistiques - réponses
Par images Réponse % Correct
Nice
98%
Annecy
72%
Toulouse
71%
Le Havre
70%
Saint Nazaire
56%
La Rochelle
51%
Cherbourg
46%
Tours
45%
Saint Malo
44%
Valence
36%
Lille
34%
Saint Brieuc
32%
Chambéry
30%
Montpellier
30%
Arles
25%
Mamoudzou
25%
Saint Etienne
25%
Caen
23%
Grasse
21%
Montauban
20%
Poitiers
20%
Vannes
19%
Metz
18%
Saint Pierre
16%
Castres
13%
Bourges
12%
Evreux
12%
Laval
12%
Beauvais
11%
Châteauroux
11%
Aucun quiz correspondant
Distribution des résultats
% des personnes avec chaque résultat
Percentile par nombre de réponses
Votre historique - résultats
Vous n’avez pas pris ce quiz